000 00218nam a22000857a 4500
008 170104b xxu||||| |||| 00| 0 eng d
100 _92252
_aChugh.R.K
245 _aComputer Activity Book-3
260 _aNew Delhi
_bG.R.B
_c2012
999 _c5139
_d5139